=LDR 00000nam 2200000 4500 =001 INLIS000000000021816 =990 ##$$a 20606561 =005 20130612120634 =990 ##$$a 20606560 =008 ***********************************Ind** =035 ##$$0010-061300000021816 =041 ##$$a Ind =082 ##$$a 658 =090 ##$$a 658, Man-d =100 ##$$a MANULANG, M =245 ##$$a Dasar-dasar Manajemen, Drs. M. Manulang =260 ##$$a 2005 $b Yogyakarta =300 ##$$a xiv, 219 hlm., ilus., 21 cm =650 ##$$a Manajemen =850 ##$$a NBPNMAT =990 ##$$a 0001/BPAP-NTB/2015